| 000 | 00611nam a2200205 a 4500 | ||
|---|---|---|---|
| 001 | 14439 | ||
| 005 | 20180713202927.0 | ||
| 008 | 140415s1994 mx 000 0 spa d | ||
| 020 | _a9682612322 | ||
| 041 | _aspa | ||
| 082 |
_a519.5 _bHIN |
||
| 100 | 1 | _aHINES, WILLIAM W. | |
| 245 | 1 | 0 | _aPROBABILIDAD Y ESTADISTICA PARA INGENIERIA Y ADMINISTRACION |
| 250 | _a2a ed. | ||
| 260 |
_aMEXICO : _bCECSA, _c1994 |
||
| 300 | _a834 | ||
| 650 | 1 | 4 |
_aCONFIABILIDAD (INGENIERIA) _xESTADISTICA _xINGENIERIA _xPROBABILIDADES |
| 700 | 1 |
_aNAGORE, GABRIEL _etr. |
|
| 700 | 1 |
_aMontgomery, Douglas C., _ecoaut. |
|
| 999 |
_c14439 _d14439 |
||